10 tokoh yang mengubah dunia (Record no. 155110)

MARC details
000 -LEADER
fixed length control field 00731nam a2200253 i 4500
001 - CONTROL NUMBER
control field C2-0174038
003 - CONTROL NUMBER IDENTIFIER
control field PPAK
005 - DATE AND TIME OF LATEST TRANSACTION
control field 20180728094206.0
008 - FIXED-LENGTH DATA ELEMENTS--GENERAL INFORMATION
fixed length control field 980903s1997 my |||| ||||| | may d
020 ## - INTERNATIONAL STANDARD BOOK NUMBER
International Standard Book Number 9830980375
040 ## - CATALOGING SOURCE
Original cataloging agency PPAK
Language of cataloging eng
Transcribing agency PPAK
Description conventions rda
082 04 - DEWEY DECIMAL CLASSIFICATION NUMBER
Classification number 297.61
Edition number 23
090 00 - LOCALLY ASSIGNED LC-TYPE CALL NUMBER (OCLC); LOCAL CALL NUMBER (RLIN)
Classification number (OCLC) (R) ; Classification number, CALL (RLIN) (NR) 297.61
Feature heading ABU
Feature heading G
100 0# - MAIN ENTRY--PERSONAL NAME
Personal name Abul Al-Hassan Nadwi,
Relator term author
245 10 - TITLE STATEMENT
Title 10 tokoh yang mengubah dunia
264 #1 - PRODUCTION, PUBLICATION, DISTRIBUTION, MANUFACTURE, AND COPYRIGHT NOTICE
Place of production, publication, distribution, manufacture Batu Caves, Selangor :
Name of producer, publisher, distributor, manufacturer Pustaka Ilmi ,
Date of production, publication, distribution, manufacture, or copyright notice 1997
300 ## - PHYSICAL DESCRIPTION
Extent x, 283 pages ;
Dimensions 22 cm
336 ## - CONTENT TYPE
Source rdacontent
Content type term text
337 ## - MEDIA TYPE
Source rdamedia
Media type term unmediated
338 ## - CARRIER TYPE
Source rdacarrier
Carrier type term volume
500 ## - GENERAL NOTE
General note Includes Quranic verses
650 10 - SUBJECT ADDED ENTRY--TOPICAL TERM
Topical term or geographic name entry element Islamic leaders. ; Theologians, Muslim - Biography.
942 ## - ADDED ENTRY ELEMENTS (KOHA)
-- dc
Koha item type Book
Holdings
Withdrawn Not for loan Current library Shelving location Date acquired Full call number Barcode Date last seen Koha item type Total Checkouts Date last checked out
    Perpustakaan Kulim Pinjaman Dewasa 03/09/1998 297.61 ABU A00192314 09/09/2023 Book 2 05/08/2023
    Perpustakaan Yan Pinjaman Dewasa 03/09/1998 297.61 ABU A00192317 01/06/2018 Book    
    PD16, Kg. Jelai, Pendang Pinjaman Dewasa 16/09/1999 297.61 ABU A00279156 01/06/2018 Book    
    PD16, Kg. Jelai, Pendang Pinjaman Dewasa 16/09/1999 297.61 ABU A00286972 01/06/2018 Book    
    PD17, Kg. Binjul, Kuala Ketil Pinjaman Dewasa 16/09/1999 297.61 ABU A00286973 01/06/2018 Book    
    PD18, Kg. Wang Tepus, Jitra Pinjaman Dewasa 16/09/1999 297.61 ABU A00279158 01/06/2018 Book    
    PD20, Felda Lubuk Merbau, Pendang Pinjaman Dewasa 16/09/1999 297.61 ABU A00279159 01/06/2018 Book    
    PD20, Felda Lubuk Merbau, Pendang Pinjaman Dewasa 16/09/1999 297.61 ABU A00286975 01/06/2018 Book    
    PD25, KEDA Batu 13, Pokok Sena Pinjaman Dewasa 23/04/2000 297.61 ABU A00887665 01/06/2018 Book    
    PD27, Kg. Bendang Bukit, Pendang Pinjaman Dewasa 23/08/2000 297.61 ABU A00927859 01/06/2018 Book    
    PD27, Kg. Bendang Bukit, Pendang Pinjaman Dewasa 23/08/2000 297.61 ABU A00927860 01/06/2018 Book    
    PD28, Kg. Paya Kerchut, Pendang Pinjaman Dewasa 23/08/2000 297.61 ABU A00927861 01/06/2018 Book